000 00458nam a2200193Ia 4500
005 20240823033426.0
008 240823s9999||||xx |||||||||||||| ||und||
020 _a978-81-8322-234-1
041 _aENGLISH
082 _A158.1 Q1
100 _aDale Carnegie
245 0 _aHow to Win Friends & Influence People
250 _a1st
260 _c2011
_bManjul Public
500 _aYES
650 _aTamil Books
_bGeneral
942 _cBK
999 _c195784
_d195784